logo

Bir Sreshtho Munshi Abdur Rouf Library
Jhenaidah Cadet College

Programmed topics in statics and strength of materials / (Record no. 5314)

MARC details
000 -LEADER
fixed length control field 00670nam a2200229 a 4500
001 - CONTROL NUMBER
JCCL Control Number 5314
003 - CONTROL NUMBER IDENTIFIER
JCCL marc code BD-JhCC
005 - DATE AND TIME OF LATEST TRANSACTION
control field 20180325125638.0
008 - FIXED-LENGTH DATA ELEMENTS--GENERAL INFORMATION
fixed length control field 171212s1966 n a|||| ||a| 000 0 eng d
035 ## - SYSTEM CONTROL NUMBER
system control number (BD-JhCC) 5314
040 ## - CATALOGING SOURCE
Original cataloging agency BD-JhCC
Modifying agency BD-JhCC
041 ## - LANGUAGE CODE
Language code of Book eng
082 ## - DEWEY DECIMAL CLASSIFICATION NUMBER
Classification number 620.11
Author mark and Year PLA 1986
100 ## - MAIN ENTRY--PERSONAL NAME
Personal name Plants, Helen Lester
245 ## - TITLE STATEMENT
Title Programmed topics in statics and strength of materials /
Statement of responsibility, etc Helen Lester Plants and Russell Rex Haynes
260 ## - PUBLICATION, DISTRIBUTION, ETC. (IMPRINT)
Place of publication, distribution, etc Newyork :
Name of publisher, distributor, etc Mcgraw-Hill Book Company ,
Date of publication, distribution, etc 1966
300 ## - PHYSICAL DESCRIPTION
Pagination 178 p .:
Dimensions 23 cm .
650 ## - SUBJECT ADDED ENTRY--TOPICAL TERM
Topical term or geographic name as entry element Statics, Strength of Materials
700 ## - ADDED ENTRY--PERSONAL NAME
Personal name Haynes, Russell Rex
942 ## - ADDED ENTRY ELEMENTS (KOHA)
Source of classification or shelving scheme Dewey Decimal Classification
Koha item type Books
Holdings
Source of classification or shelving scheme Damaged status Not for loan Home library Current library Shelving location Date of accession Total Checkouts Full call number Barcode Date last seen Copy number Koha item type
Dewey Decimal Classification     JCC Rouf Library JCC Rouf Library General Stacks 12/12/2017   620.11 PLA 1986 7443 12/12/2017 C-1 Books

JCC Library | Contacts | JCC Home

Last Update on 23 September 2017
Copyright @ 2017-2020 JCC Rouf Library
Rouf Library, Jhenidah Cadet College (JCC), Bangladesh